000 00745nam a22002057a 4500
003 OSt
005 20150408114042.0
008 120531s ua a f |||| 00| 0 ara d
020 _a9789772879765
040 _aMU
082 _221
_a005.3
_bع ع ا
100 _aعناني، عمرو.
_915407
245 _aاحترف استخدام برنامج Microsoft power point 2010 /
_cإعداد عمرو عناني.
246 3 1 _aMicrosoft power point 2010
260 _aالقاهرة :
_bدار الكتب العلمية،
_c2010
300 _a160 ص. :
_b إيض. ؛
_c22 سم.
650 _a مايكروسوفت بوربوينت.
_915413
650 _aالعروض التقديمية
_xبرامج الحاسوب.
_915414
942 _2ddc
_cDVD
999 _c23913
_d258413